Vzdelávanie a rozvoj zamestnancov bakalárska práca

Enregistré dans:
Détails bibliographiques
Auteur principal: Alexyová, Sabína
Collectivité auteur: Obchodná fakulta EU. Katedra marketingu
Autres auteurs: Matušovičová, Monika, 1967-
Format: Livre
Langue:slovaque
Publié: Bratislava 2015
Tags: Ajouter un tag
Pas de tags, Soyez le premier à ajouter un tag!

MARC

LEADER 00000nbm a2200000 4500
001 0206512
005 20161212105732.8
041 0 |a slo 
044 |a SK 
245 1 0 |a Vzdelávanie a rozvoj zamestnancov  |b bakalárska práca  |c Sabína Alexyová ; školiteľ: Monika Matušovičová 
264 1 |a Bratislava  |c 2015 
300 |a 48 s. 
100 1 |a Alexyová, Sabína 
700 1 |a Matušovičová, Monika, 1967- 
710 2 |a Obchodná fakulta EU. Katedra marketingu